<?xml version="1.0" encoding="UTF-8"?>
<record
    xmlns:xsi="http://www.w3.org/2001/XMLSchema-instance"
    xsi:schemaLocation="http://www.loc.gov/MARC21/slim http://www.loc.gov/standards/marcxml/schema/MARC21slim.xsd"
    xmlns="http://www.loc.gov/MARC21/slim">

  <leader>00255nam a2200097Ia 4500</leader>
  <controlfield tag="001">724303</controlfield>
  <controlfield tag="005">20250826163347.0</controlfield>
  <controlfield tag="008">250824s9999    xx            000 0 und d</controlfield>
  <datafield tag="245" ind1=" " ind2="0">
    <subfield code="a">F&#x130;NCAN TEYZEN&#x130;N KURAB&#x130;YELER&#x130;</subfield>
    <subfield code="c">PEL&#x130;N G&#xDC;NE&#x15E;</subfield>
  </datafield>
  <datafield tag="260" ind1=" " ind2=" ">
    <subfield code="b">TUDEM YAYINLARI</subfield>
  </datafield>
  <datafield tag="999" ind1=" " ind2=" ">
    <subfield code="c">724303</subfield>
    <subfield code="d">724303</subfield>
  </datafield>
  <datafield tag="952" ind1=" " ind2=" ">
    <subfield code="0">0</subfield>
    <subfield code="1">0</subfield>
    <subfield code="4">0</subfield>
    <subfield code="7">0</subfield>
    <subfield code="a">1031</subfield>
    <subfield code="b">1031</subfield>
    <subfield code="d">2025-08-24</subfield>
    <subfield code="l">1</subfield>
    <subfield code="p">10313120</subfield>
    <subfield code="r">2025-11-27 09:35:29</subfield>
    <subfield code="s">2025-11-20</subfield>
    <subfield code="w">2025-08-26</subfield>
    <subfield code="y">BK</subfield>
  </datafield>
</record>
